000 00345nam a2200133 4500
999 _c510727
_d510727
008 190829b ||||| |||| 00| 0 eng d
100 _aMusto, Marcello
_99187
245 _aMarx and the politics of emancipation
260 _c2019
300 _ap.50-54.
773 _aEconomic and Political Weekly
906 _aMarx, Karl
942 _2ddc
_cAR